000 00520nam a2200181Ia 4500
999 _c16570
_d16570
003 OSt
005 20200606115939.0
008 190216s9999||||xx |||||||||||||| ||und||
020 _a8188060399
040 _cMESKC library
082 _a891.433
_bNAG/A
100 _aNagar, Hiralal
_9358
245 0 _aAdhuree Hasraton Ka Ant /
_cNagar, Hiralal
260 _bSunil Sahithya Sadan,
_c2008.
_aNew Delhi:
300 _a144p
650 _aHindi
942 _cBK
_2ddc
_h891.433
_iNAG/A
_k891.433
_mNAG/A